| 000 | 02332nam a2200325Ia 4500 | ||
|---|---|---|---|
| 003 | OSt | ||
| 005 | 20210127162638.0 | ||
| 008 | 191128s2009 ag fr 001 0 spa d | ||
| 020 | _a9789505577903 | ||
| 040 |
_aCO-JMCR _cCO-JMCR |
||
| 041 | 1 |
_aspa _heng |
|
| 082 | 0 | 4 |
_a320.098 / _bP272j _221 |
| 100 | 1 |
_aPérez-Liñán, Aníbal, _eautor _91901 |
|
| 245 | 1 | 0 |
_aJuicio político al presidente y nueva inestabilidad política en América Latina / _cAníbal Pérez-Liñán ; traductora Silvia Villegas |
| 250 | _aPrimera edición | ||
| 260 |
_aBuenos Aires : _bFondo de Cultura Económica, _c2009 |
||
| 300 |
_a383 páginas ; _c21 cm. |
||
| 490 | 0 | _aPolítica y derecho | |
| 500 | _aIncluye índice de nombres y conceptos y notas a pie de página. | ||
| 500 | _aTítulo original: Presidential impeachment and the new political instability in Latin America. | ||
| 504 | _aBibliografía: páginas 339-372 | ||
| 505 | 0 | _aLas crisis institucionales en los regímenes presidenciales -- Cinco casos de juicio político y un presunto loco -- Crisis presidenciales y disminución de la intervención militar -- América Latina en la era del escándalo -- Los escándalos y la economía política de la indignación popular -- Construir un escudo legislativo: determinantes institucionales del juicio político -- Hacía un nuevo patrón de inestabilidad presidencial -- Repensar el presidencialismo -- Repensar el presidencialismo | |
| 520 | 3 | _aEl juicio politico al presidente ha surgido como un instrumento poderoso para desplazar a los mandatarios "indeseables" sin destruir el orden institucional. Este nuevo patron de inestabilidad llego a tener su auge durante mas de una decada en distintos paises de America Latina. De ahi, que el libro se ocupe de una forma extrema de fracaso presidencial, entre los anos 1992 y 2004, y analice los casos de presidentes que se vieron enfrentados a un juicio politico, como Fernando Collor de Mello, Carlos Andres Perez, Ernesto Samper, Abdala Bucaram, Raul Cubas Grau y Luis Gonzalez Macchi. | |
| 546 | _aTraducido del inglés | ||
| 650 | 1 | 4 |
_aJuicio político _zAmérica Latina _91902 |
| 650 | 1 | 4 |
_aCorrupción política _zAmérica Latina _91903 |
| 650 | 1 | 4 |
_aEstabilidad política _zAmérica Latina _91904 |
| 700 | 1 |
_aVillegas, Silvia, _etraductora _91905 |
|
| 942 |
_2ddc _cBK |
||
| 999 |
_c5101 _d5101 |
||